Personálny controlling - nástroj riadenia pracovníkov
Problematika personálneho controllingu. Strategické a operatívne úlohy personálneho controllingu a možnosti ich realizácie. Ukazovatele, ako zdroj informácií pre kvalitné poradenstvo a koordináciu v oblasti práce so zameraním na ekonomické a sociálne dôsledky v kontexte dosahovania cieľov organizáci...
Gespeichert in:
| 1. Verfasser: | |
|---|---|
| Format: | Buchkapitel |
| Sprache: | Slowakisch |
| Schlagworte: | |
| Tags: |
Keine Tags, Fügen Sie das erste Tag hinzu!
|
MARC
| LEADER | 00000nla$a2200000$$$4500 | ||
|---|---|---|---|
| 001 | 0123212 | ||
| 005 | 20240326125427.8 | ||
| 041 | 0 | |a slo | |
| 044 | |a SK | ||
| 245 | 1 | 0 | |a Personálny controlling - nástroj riadenia pracovníkov |c Gabriela Kravčáková |
| 520 | |a Problematika personálneho controllingu. Strategické a operatívne úlohy personálneho controllingu a možnosti ich realizácie. Ukazovatele, ako zdroj informácií pre kvalitné poradenstvo a koordináciu v oblasti práce so zameraním na ekonomické a sociálne dôsledky v kontexte dosahovania cieľov organizácie. Postup vypracovania projektu personálneho controllingu, jeho implementácia a vyhodnotenie. | ||
| 610 | 2 | 0 | |a manažment |
| 610 | 2 | 0 | |a systémy riadenia |
| 610 | 2 | 0 | |a zdroje ľudské |
| 610 | 2 | 0 | |a podnik |
| 610 | 2 | 0 | |a kontroling |
| 100 | 1 | |a Kravčáková, Gabriela | |